VNR Pocket Atlas : (Record no. 1977)
[ view plain ]
| 000 -LEADER | |
|---|---|
| fixed length control field | 00593nam a2200229 a 4500 |
| 001 - CONTROL NUMBER | |
| JCCL Control Number | 1977 |
| 003 - CONTROL NUMBER IDENTIFIER | |
| JCCL marc code | BD-JhCC |
| 005 - DATE AND TIME OF LATEST TRANSACTION | |
| control field | 20171028100857.0 |
| 008 - FIXED-LENGTH DATA ELEMENTS--GENERAL INFORMATION | |
| fixed length control field | 171028s1983 n a|||| || | 000 0 eng d |
| 020 ## - INTERNATIONAL STANDARD BOOK NUMBER | |
| International Standard Book Number | 0442296614 |
| 035 ## - SYSTEM CONTROL NUMBER | |
| system control number | (BD-JhCC)1977 |
| 040 ## - CATALOGING SOURCE | |
| Original cataloging agency | BD-JhCC |
| Modifying agency | BD-JhCC |
| 041 ## - LANGUAGE CODE | |
| Language code of Book | eng |
| 082 ## - DEWEY DECIMAL CLASSIFICATION NUMBER | |
| Classification number | 912 |
| Author mark and Year | NOV 1983 |
| 100 ## - MAIN ENTRY--PERSONAL NAME | |
| Personal name | Novotny, Jiri |
| 245 ## - TITLE STATEMENT | |
| Title | VNR Pocket Atlas : |
| Remainder of title | with 80 maps in full color / |
| Statement of responsibility, etc | Jiri Novotnyy |
| 260 ## - PUBLICATION, DISTRIBUTION, ETC. (IMPRINT) | |
| Place of publication, distribution, etc | New York : |
| Name of publisher, distributor, etc | Van Nostrand Reinhold Company, |
| Date of publication, distribution, etc | 1983 |
| 300 ## - PHYSICAL DESCRIPTION | |
| Pagination | 232 p. : |
| Dimensions | 17 cm. |
| 651 ## - SUBJECT ADDED ENTRY--GEOGRAPHIC NAME | |
| Geographic name | Atlases |
| 942 ## - ADDED ENTRY ELEMENTS (KOHA) | |
| Source of classification or shelving scheme | Dewey Decimal Classification |
| Koha item type | Books |
| Source of classification or shelving scheme | Damaged status | Not for loan | Home library | Current library | Shelving location | Cost, normal purchase price | Total Checkouts | Full call number | Barcode | Date last seen | Copy number | Koha item type |
|---|---|---|---|---|---|---|---|---|---|---|---|---|
| Dewey Decimal Classification | JCC Rouf Library | JCC Rouf Library | General Stacks | 8.95 | 912 NOV 1983 | 2660 | 10/28/2017 | C-1 | Books |